000 00987nam a22002777a 4500
005 20111219143959.0
008 111219t xxu||||| |||| 00| 0 eng d
010 _aENG-104394
020 _a9788175156258
_c250.00
020 _a8175156252
_c250.00
035 _aEN -87927
037 _bDBAD/PUB
040 _aDPL
_bEng
082 _a572.8
100 _936352
245 _aUniversity microbiology - II :
_cby S.M.Reddy ...[et al]
_bmicrobial metabolism & molecular biology /
260 _aNew Delhi
_bGalgotia Publications
_c2011
270 _a5, Ansari Road, Darya Ganj,
_bNew Delhi
_e110002
300 _axiv,298p. :
_c24cm (pbk)
_bill.
500 _aIncludes bibliographical references and index
600 _936476
610 _936477
700 _aReddy, S.M.
_937118
942 _2ddc
_cEN
_mUNI
_h572.8
999 _c59628
_d59628